Devinez la Capitale Mystère #156 - Statistiques

Statistiques générales
  • Ce quiz a été pris 100 fois
  • Le résultat moyen est 29 sur 37
Statistiques - réponses
Type de Réponse Réponse % Correct
Lettre Trouvée A
99%
Lettre Trouvée I
99%
Lettre Trouvée N
99%
Lettre de l'Alphabet E
97%
Lettre de l'Alphabet O
97%
Lettre Trouvée S
97%
Lettre Bien Placée A
96%
Lettre Trouvée R
95%
Lettre de l'Alphabet P
93%
Lettre de l'Alphabet B
92%
Lettre de l'Alphabet L
89%
Lettre Trouvée T
89%
Lettre Trouvée M
88%
Lettre de l'Alphabet U
88%
Lettre de l'Alphabet D
87%
Lettre de l'Alphabet K
83%
Lettre de l'Alphabet H
81%
Lettre de l'Alphabet G
80%
Lettre de l'Alphabet C
76%
Lettre Bien Placée A
75%
Lettre de l'Alphabet W
75%
Lettre Bien Placée N
71%
Lettre de l'Alphabet Y
69%
Lettre Bien Placée N
68%
Lettre Bien Placée S
68%
Lettre de l'Alphabet V
68%
Lettre de l'Alphabet J
67%
Lettre Bien Placée I
65%
Lettre Bien Placée T
64%
Lettre de l'Alphabet Z
61%
Lettre de l'Alphabet Q
60%
Lettre de l'Alphabet X
60%
Lettre de l'Alphabet F
59%
Lettre Bien Placée M
56%
Lettre Bien Placée I
55%
Lettre Bien Placée R
53%
Capitale Mystère Saint-Marin
53%
Aucun quiz correspondant
Distribution des résultats
% des personnes avec chaque résultat
Percentile par nombre de réponses
Votre historique - résultats
Vous n’avez pas pris ce quiz